Batesmotelpro şarkıları - söz tamamlama # 2 - Statistics

General Stats
  • This quiz has been taken 7 times
  • The average score is 11 of 15
Answer Stats
Hint Answer % Correct
Mümkün olsa hem kedi hem köpek beslerdim / yemek yerken hem cola hem __ içerdim ayran
100%
Gel sana bir temiz __ yapalım / Neymiş oo? neymiş oo? / Para bahiste banko kupon
100%
Televizyonu aç maça bakalım / ___ GOOL Bismillah
80%
Erkek adam dediğin tayt gibi _ giyer mi? Süslenip püslenip de sokaklarda gezer mi? kot
80%
Ne ovalar ne platolar gördüm ama açlığım hep bakidir / Akdeniz'in bitki örtüsü genel olarak __ makidir
80%
Çıktım yollara açtım camları işte bu gerçek ben / __ bitti çok hoşuma gitti gelsene arabaya gel mesai
80%
Yüzümüz gayrı güler dostlar / bu sarkıyı beğenen __ postlar
80%
Mikrofonum hem mikrofon hem de dondurma olsa / körebe ve __ aynı anda oynansa saklambaç
80%
Boyunluk takması bir süre şartmış / Sağa sola bakamıyor klima çarpmış / On dakikada gelmiş tam 100 mail, hepsi acil ama __ değil adil
60%
Atletico - Barcelona - Atletico - Barcelona / Deportivo - Osasuna - Deportivo - Osasuna yer onu /çok __ biliyoon
60%
Hareketler aynıysa her türlü dans okey / __ __ dünyadaki en önemli şey (En önemli şey...) dış güzellik
60%
Geç gelenlerin tutuluyor kaydı / Keşke o __ zamanında yakalasaydı metroyu
60%
__ görünüyorum / Gerisi boşuna, ben poz vererek yürüyorum Mükemmel
60%
Yemeğe tadıni veren __ soğandır /Havamızdan minibüse binmiyotduk çoktandır pembeleşmiş
60%
Kendimi hem Rocky'e hem de rambo'ya benzettim / çok büyük __ fark ettim zırvaladığımı
60%
No matching quizzes found
Score Distribution
Percent of People with Each Score
Percentile by Number Answered
Your Score History
You have not taken this quiz